000 00232nam a2200097Ia 4500
008 230331s9999 xx 000 0 und d
020 _a9781621138082
100 _aSTEVE CORY
_9165050
245 0 _aOUTDOOR WOOD PROJECTS
942 _cBK
_w561
_xJohn Tresidder
_y561
_zJohn Tresidder
999 _c747340
_d747339